000
00236nam a2200097Ia 4500
008
240331s9999 xx 000 0 und d
082
_b
VAR
100
_a
ILO. ed
245
0
_a
Varlvatharamum Tholilai Uruvakkuthalum :
_b
12 issues
942
_c
L
999
_c
3607
_d
3607